International economics : (Record no. 80834)

MARC details
000 -LEADER
fixed length control field 00806nam a22002297a 4500
005 - DATE AND TIME OF LATEST TRANSACTION
control field 20140828103656.0
010 ## - LCCN (DPL NO)
LC control number ENG-108672
020 ## - INTERNATIONAL STANDARD BOOK NUMBER
International Standard Book Number 9789325969230
Terms of availability 330.00 (395.00 BPPD)
035 ## - SYSTEM CONTROL NUMBER
System control number EN-92205
035 ## - SYSTEM CONTROL NUMBER
System control number B-537782-795
037 ## - SOURCE OF ACQUISITION
Source of stock number/acquisition DBAD/PUB
037 ## - SOURCE OF ACQUISITION
Source of stock number/acquisition Mallika Books/Ven
Stock number dpl
082 ## - DEWEY DECIMAL CLASSIFICATION NUMBER
Classification number 337
100 ## - MAIN ENTRY--PERSONAL NAME
Personal name Dwivedi, D. N.
245 10 - TITLE STATEMENT
Title International economics :
Statement of responsibility, etc by D. N. Dwivedi
Remainder of title theory and policy /
260 ## - PUBLICATION, DISTRIBUTION, ETC. (IMPRINT)
Place of publication, distribution, etc Noida
Name of publisher, distributor, etc Vikas Publishing House
Date of publication, distribution, etc 2013
270 ## - ADDRESS
Address E-28, Sector-8
City Noida
Postal code 201301
300 ## - PHYSICAL DESCRIPTION
Extent xx,540p. :
Dimensions 24cm(pbk)
Other physical details ill.
500 ## - GENERAL NOTE
General note Includes bibliographical references and index
942 ## - ADDED ENTRY ELEMENTS (KOHA)
Source of classification or shelving scheme Dewey Decimal Classification
Item type English Books
Call number suffix DWI
Classification part 337
Holdings
Withdrawn status Lost status Not for loan Collection code Home library Current library Date acquired Source of acquisition Cost, normal purchase price Full call number Barcode Copy number Cost, replacement price Koha item type
      Non-fiction Bagh Kadhe Khan Bagh Kadhe Khan 28/08/2014 Mallika Books/131/31.03.2014/147/25.03.2014/31.03.2014 395.00 337 DWI B-537788 1 395.00 English Books
      Non-fiction Bawana Bawana 28/08/2014 Mallika Books/131/31.03.2014/147/25.03.2014/31.03.2014 395.00 337 DWI B-537790 1 395.00 English Books
      Non-fiction Central Library Central Library 28/08/2014 Mallika Books/131/31.03.2014/147/25.03.2014/31.03.2014 395.00 337 DWI B-537782 1 395.00 English Books
    Not For Loan Non-fiction D.B.Act.Division D.B.Act.Division 25/11/2013 DBAD/PUB 330.00 337 DWI EN-92205 1 330.00 English Books
      Non-fiction Kadipur Kadipur 28/08/2014 Mallika Books/131/31.03.2014/147/25.03.2014/31.03.2014 395.00 337 DWI B-537793 1 395.00 English Books
      Non-fiction Karol Bagh Karol Bagh 28/08/2014 Mallika Books/131/31.03.2014/147/25.03.2014/31.03.2014 395.00 337 DWI B-537786 1 395.00 English Books
      Non-fiction Katevara Katevara 28/08/2014 Mallika Books/131/31.03.2014/147/25.03.2014/31.03.2014 395.00 337 DWI B-537791 1 395.00 English Books
      Non-fiction Mundaka Mundaka 28/08/2014 Mallika Books/131/31.03.2014/147/25.03.2014/31.03.2014 395.00 337 DWI B-537792 1 395.00 English Books
      Non-fiction Narela Narela 28/08/2014 Mallika Books/131/31.03.2014/147/25.03.2014/31.03.2014 395.00 337 DWI B-537789 1 395.00 English Books
      Non-fiction New Rohtak Road New Rohtak Road 28/08/2014 Mallika Books/131/31.03.2014/147/25.03.2014/31.03.2014 395.00 337 DWI B-537787 1 395.00 English Books
      Non-fiction R.K.Puram-8 R.K.Puram-8 28/08/2014 Mallika Books/131/31.03.2014/147/25.03.2014/31.03.2014 395.00 337 DWI B-537784 1 395.00 English Books
      Non-fiction Sarojini Nagar Sarojini Nagar 28/08/2014 Mallika Books/131/31.03.2014/147/25.03.2014/31.03.2014 395.00 337 DWI B-537783 1 395.00 English Books
      Non-fiction Sarojini Nagar Sarojini Nagar 28/08/2014 Mallika Books/131/31.03.2014/147/25.03.2014/31.03.2014 395.00 337 DWI B-537795 1 395.00 English Books
      Non-fiction Shahdara Branch Shahdara Branch 28/08/2014 Mallika Books/131/31.03.2014/147/25.03.2014/31.03.2014 395.00 337 DWI B-537794 1 395.00 English Books
      Non-fiction Vinoba Puri Vinoba Puri 28/08/2014 Mallika Books/131/31.03.2014/147/25.03.2014/31.03.2014 395.00 337 DWI B-537785 1 395.00 English Books

© Delhi Public Library
Hit Counter
free hit counter